USA 40K Cities on a Map: Louisiana - Statistics

General Stats
  • This quiz has been taken 13 times
  • The average score is 9 of 10
Answers on the Map
Answers color-coded by a green-red scale on the quiz's map according to % correct below.
 
Answer Stats
Answer % Correct
Baton Rouge
100%
Lafayette
100%
New Orleans
100%
Shreveport
100%
Lake Charles
91%
Kenner
82%
Monroe
82%
Alexandria
73%
Bossier City
73%
Metairie
73%
No matching quizzes found
Score Distribution
Percent of People with Each Score
Percentile by Number Answered
Your Score History
You have not taken this quiz